000 00324nam a2200145Ia 4500
005 20251222153522.0
008 251222s9999||||xx |||||||||||||| ||spa||
020 _a8434598515
082 _a938.070.92/R41
100 _aRenault, Mary
245 0 _aAlejandro Magno
250 _a1ra.ed.
264 _bSalvat
942 _cLIB
999 _c29766
_d29766